[Event "CP-2017-P-00006"]
[Site "LSS email"]
[Date "2017.09.27"]
[Round "?"]
[White "Rychkov, Sergej"]
[Black "Oliveira, Marcio B"]
[Result "1/2-1/2"]
[WhiteElo "2194"]
[BlackElo "2291"]
[PlyCount "77"]
[EventDate "2017.10.01"]
[EventType "tourn (corr)"]
[EventRounds "6"]
[EventCountry "GER"]
[SourceTitle "Corr 2022"]
[Source "ChessBase"]
[SourceDate "2021.10.24"]
[SourceVersion "1"]
[SourceVersionDate "2021.10.24"]
[SourceQuality "1"]

1. d4 Nf6 2. c4 g6 3. Nc3 Bg7 4. e4 d6 5. f3 0-0 6. Nge2 c5 7. d5 e6 8. Ng3 exd5 9. cxd5 a6 10. a4 h5 11. Be2 Nh7 12. Be3 Nd7 13. Qd2 h4 14. Nf1 Re8 15. Bf2 Rb8 16. h3 Ne5 17. a5 f5 18. f4 Bh6 19. Nh2 b5 20. 0-0 b4 21. Nd1 fxe4 22. Be3 Nd3 23. f5 Bxe3+ 24. Nxe3 Qg5 25. fxg6 Nf6 26. Bxd3 exd3 27. Rae1 Qxg6 28. Nf3 Rb7 29. Nxh4 Ne4 30. Qxd3 Qg3 31. Qb1 Qxh4 32. Ng4 Rbe7 33. Nf6+ Kg7 34. Nxe8+ Rxe8 35. Qc1 Re5 36. Rf4 Qe7 37. Ref1 Qg5 38. Qc2 Bf5 39. Rxf5 1/2-1/2

[Event "CP-2017-P-00006"]
[Site "LSS email"]
[Date "2017.09.27"]
[Round "?"]
[White "Rychkov, Sergej"]
[Black "Zholob, Anatolij"]
[Result "1/2-1/2"]
[WhiteElo "2194"]
[BlackElo "2016"]
[PlyCount "42"]
[EventDate "2017.10.01"]
[EventType "tourn (corr)"]
[EventRounds "6"]
[EventCountry "GER"]
[SourceTitle "Corr 2022"]
[Source "ChessBase"]
[SourceDate "2021.10.24"]
[SourceVersion "1"]
[SourceVersionDate "2021.10.24"]
[SourceQuality "1"]

1. d4 Nf6 2. c4 g6 3. Nc3 d5 4. Nf3 Bg7 5. Qb3 dxc4 6. Qxc4 0-0 7. e4 a6 8. e5 b5 9. Qb3 Nfd7 10. h4 c5 11. e6 c4 12. exf7+ Rxf7 13. Qd1 Nb6 14. h5 Nc6 15. hxg6 hxg6 16. Be3 Nd5 17. a4 Rb8 18. axb5 axb5 19. Bh6 Bf6 20. Ne5 Bxe5 21. dxe5 Ndb4 1/2-1/2

[Event "WC-2017-S-00005"]
[Site "LSS email"]
[Date "2017.05.17"]
[Round "?"]
[White "Husemann, Andreas"]
[Black "Rychkov, Sergej"]
[Result "1-0"]
[WhiteElo "2215"]
[BlackElo "2207"]
[PlyCount "97"]
[EventDate "2017.06.01"]
[EventType "tourn (corr)"]
[EventRounds "12"]
[EventCountry "GER"]
[SourceTitle "Corr 2024"]
[Source "ChessBase"]
[SourceDate "2023.10.19"]
[SourceVersion "1"]
[SourceVersionDate "2023.10.19"]
[SourceQuality "1"]

1. d4 Nf6 2. c4 e6 3. Nc3 Bb4 4. Qc2 0-0 5. a3 Bxc3+ 6. Qxc3 b6 7. g3 Bb7 8. Nf3 d6 9. Bg2 a5 10. b3 Nbd7 11. 0-0 c5 12. Bb2 Qc7 13. Rfd1 Rfe8 14. d5 exd5 15. cxd5 Rxe2 16. Nd4 Re5 17. f4 Rxd5 18. Nb5 Rxd1+ 19. Rxd1 Qb8 20. Bxb7 Qxb7 21. Nxd6 Qc6 22. Qc4 Rf8 23. Rd3 h6 24. h3 Qc7 25. g4 Ne8 26. Nf5 Kh7 27. a4 g6 28. Re3 gxf5 29. Rxe8 Qd6 30. Rxf8 Qxf8 31. Qd5 Qe7 32. Qxf5+ Kg8 33. Qd3 Kf8 34. Kf1 Qe6 35. Kf2 Qc6 36. f5 Ke8 37. Kg3 Qc7+ 38. Kh4 Qf4 39. Bc3 Kf8 40. Qd2 Qxd2 41. Bxd2 Kg7 42. Be3 Ne5 43. Kh5 Nf3 44. Bxh6+ Kg8 45. Bf4 Nd4 46. Kg5 Nxb3 47. Kf6 Nd4 48. g5 c4 49. g6 1-0

[Event "WC-2017-S-00005"]
[Site "LSS email"]
[Date "2017.05.17"]
[Round "?"]
[White "Kudr, Roman"]
[Black "Rychkov, Sergej"]
[Result "1/2-1/2"]
[WhiteElo "2246"]
[BlackElo "2207"]
[PlyCount "43"]
[EventDate "2017.06.01"]
[EventType "tourn (corr)"]
[EventRounds "12"]
[EventCountry "GER"]
[SourceTitle "Corr 2024"]
[Source "ChessBase"]
[SourceDate "2023.10.19"]
[SourceVersion "1"]
[SourceVersionDate "2023.10.19"]
[SourceQuality "1"]

1. d4 Nf6 2. c4 e6 3. Nc3 Bb4 4. Qc2 0-0 5. a3 Bxc3+ 6. Qxc3 b6 7. Bg5 Bb7 8. f3 h6 9. Bh4 d5 10. e3 Nbd7 11. cxd5 Nxd5 12. Bxd8 Nxc3 13. Bh4 Nd5 14. Bf2 c5 15. e4 Ne7 16. Ne2 f5 17. exf5 Nxf5 18. dxc5 Nxc5 19. Bxc5 bxc5 20. Rc1 Rac8 21. Nc3 Rb8 22. Nd1 1/2-1/2

[Event "WC-2017-S-00005"]
[Site "LSS email"]
[Date "2017.05.17"]
[Round "?"]
[White "Rolle, Hannes"]
[Black "Rychkov, Sergej"]
[Result "1-0"]
[WhiteElo "2247"]
[BlackElo "2207"]
[PlyCount "65"]
[EventDate "2017.06.01"]
[EventType "tourn (corr)"]
[EventRounds "12"]
[EventCountry "GER"]
[SourceTitle "Corr 2024"]
[Source "ChessBase"]
[SourceDate "2023.10.19"]
[SourceVersion "1"]
[SourceVersionDate "2023.10.19"]
[SourceQuality "1"]

1. e4 c5 2. Nf3 e6 3. d4 cxd4 4. Nxd4 Nf6 5. Nc3 d6 6. g4 h6 7. Rg1 Nc6 8. Be3 e5 9. Nb3 Be6 10. Qe2 a6 11. h4 Qc8 12. g5 hxg5 13. hxg5 Ng4 14. 0-0-0 Nxe3 15. fxe3 b5 16. Kb1 Ra7 17. Qf3 Qb8 18. g6 Rh6 19. Nd5 fxg6 20. c4 b4 21. Bd3 a5 22. Rdf1 Be7 23. c5 a4 24. Rxg6 Rxg6 25. Qh5 Bf7 26. Rxf7 Kxf7 27. Bc4 Ke8 28. Qxg6+ Kd7 29. Bf1 Qe8 30. Qf5+ Kd8 31. Bh3 Ra8 32. Nd2 b3 33. a3 1-0

[Event "WC-2017-S-00005"]
[Site "LSS email"]
[Date "2017.05.17"]
[Round "?"]
[White "Rychkov, Sergej"]
[Black "Larin, Igor"]
[Result "1/2-1/2"]
[WhiteElo "2207"]
[BlackElo "2245"]
[PlyCount "34"]
[EventDate "2017.06.01"]
[EventType "tourn (corr)"]
[EventRounds "12"]
[EventCountry "GER"]
[SourceTitle "Corr 2024"]
[Source "ChessBase"]
[SourceDate "2023.10.19"]
[SourceVersion "1"]
[SourceVersionDate "2023.10.19"]
[SourceQuality "1"]

1. d4 Nf6 2. c4 g6 3. Nc3 Bg7 4. e4 d6 5. Be2 0-0 6. Nf3 e5 7. Be3 Nc6 8. d5 Ne7 9. Nd2 Ne8 10. c5 f5 11. f3 Kh8 12. Nc4 dxc5 13. Bxc5 b6 14. Bf2 c6 15. Bh4 Qd7 16. d6 Ng8 17. exf5 gxf5 1/2-1/2

[Event "WC-2017-S-00005"]
[Site "LSS email"]
[Date "2017.05.17"]
[Round "?"]
[White "Rychkov, Sergej"]
[Black "Morcin, Tom"]
[Result "1/2-1/2"]
[WhiteElo "2207"]
[BlackElo "2264"]
[PlyCount "42"]
[EventDate "2017.06.01"]
[EventType "tourn (corr)"]
[EventRounds "12"]
[EventCountry "GER"]
[SourceTitle "Corr 2024"]
[Source "ChessBase"]
[SourceDate "2023.10.19"]
[SourceVersion "1"]
[SourceVersionDate "2023.10.19"]
[SourceQuality "1"]

1. d4 Nf6 2. c4 e6 3. Nc3 Bb4 4. Qc2 0-0 5. a3 Bxc3+ 6. Qxc3 d5 7. Bg5 dxc4 8. Qxc4 b6 9. Nf3 Ba6 10. Qc2 Nbd7 11. Rd1 h6 12. Bf4 Qe7 13. Qc6 Rac8 14. g4 Nb8 15. Qc1 c5 16. g5 hxg5 17. Bxb8 Rxb8 18. Qxg5 Nd5 19. h4 Rfd8 20. Rg1 Qf6 21. e3 Bxf1 1/2-1/2

[Event "WC-2017-S-00005"]
[Site "LSS email"]
[Date "2017.05.17"]
[Round "?"]
[White "Rychkov, Sergej"]
[Black "Podvoysky, Evgeny"]
[Result "1/2-1/2"]
[WhiteElo "2207"]
[BlackElo "2278"]
[PlyCount "42"]
[EventDate "2017.06.01"]
[EventType "tourn (corr)"]
[EventRounds "12"]
[EventCountry "GER"]
[SourceTitle "Corr 2024"]
[Source "ChessBase"]
[SourceDate "2023.10.19"]
[SourceVersion "1"]
[SourceVersionDate "2023.10.19"]
[SourceQuality "1"]

1. d4 d5 2. c4 c6 3. Nf3 Nf6 4. Qc2 dxc4 5. Qxc4 Bf5 6. Nc3 e6 7. g3 Nbd7 8. Bg2 Be7 9. 0-0 0-0 10. Re1 Bg6 11. e4 b5 12. Qxc6 b4 13. e5 Rc8 14. Qa6 bxc3 15. exf6 Nxf6 16. bxc3 Rxc3 17. Ne5 Qb6 18. Qxb6 axb6 19. Nxg6 hxg6 20. Rb1 Rc2 21. Rxb6 Rxa2 1/2-1/2

[Event "CP-2016-Q-00002"]
[Site "LSS email"]
[Date "2016.11.23"]
[Round "?"]
[White "Rychkov, Sergej"]
[Black "Koehler, Josef"]
[Result "1/2-1/2"]
[WhiteElo "2210"]
[BlackElo "2069"]
[PlyCount "55"]
[EventDate "2016.12.01"]
[EventType "tourn (corr)"]
[EventRounds "6"]
[EventCountry "GER"]
[SourceTitle "Corr 2022"]
[Source "ChessBase"]
[SourceDate "2021.10.24"]
[SourceVersion "1"]
[SourceVersionDate "2021.10.24"]
[SourceQuality "1"]

1. d4 Nf6 2. c4 e6 3. Nf3 d5 4. Nc3 c6 5. e3 Nbd7 6. Qc2 Bd6 7. Bd3 0-0 8. 0-0 dxc4 9. Bxc4 a6 10. Rd1 b5 11. Bd3 Bb7 12. e4 e5 13. Ne2 Re8 14. dxe5 Nxe5 15. Nxe5 Bxe5 16. a4 Qc7 17. h3 c5 18. axb5 axb5 19. Rxa8 Bxa8 20. Bxb5 Bxe4 21. Qc4 Rc8 22. Bg5 Bf5 23. Bf4 Be6 24. Bxe5 Qxe5 25. Qc3 Qc7 26. Bc4 Bxc4 27. Qxc4 Rb8 28. Nc3 1/2-1/2

[Event "CP-2016-P-00008"]
[Site "LSS email"]
[Date "2016.09.27"]
[Round "?"]
[White "Polastri, Antonio"]
[Black "Rychkov, Sergej"]
[Result "1/2-1/2"]
[WhiteElo "2053"]
[BlackElo "2210"]
[PlyCount "85"]
[EventDate "2016.10.01"]
[EventType "tourn (corr)"]
[EventRounds "6"]
[EventCountry "GER"]
[SourceTitle "Corr 2022"]
[Source "ChessBase"]
[SourceDate "2021.10.24"]
[SourceVersion "1"]
[SourceVersionDate "2021.10.24"]
[SourceQuality "1"]

1. d4 Nf6 2. c4 e6 3. Nf3 b6 4. a3 Ba6 5. Qc2 Bb7 6. Nc3 c5 7. Bf4 a6 8. e4 cxd4 9. Nxd4 d6 10. Be3 Be7 11. Be2 0-0 12. 0-0 Qc7 13. f4 Nc6 14. Qd3 Rfd8 15. Rac1 Nd7 16. Nxc6 Bxc6 17. b4 Qb8 18. Bd4 Bf6 19. Bf2 Qa7 20. Qe3 Rac8 21. Rfd1 Qb8 22. g4 g6 23. g5 Bg7 24. h4 h5 25. gxh6 Bxh6 26. h5 Nf8 27. a4 d5 28. exd5 Bxf4 29. Qxb6 exd5 30. Qxb8 Rxb8 31. cxd5 Bxa4 32. Nxa4 Bxc1 33. Rxc1 Rxd5 34. Rb1 gxh5 35. Bxa6 Rg5+ 36. Kh2 Rg4 37. Nb6 Rg6 38. Rg1 Rxg1 39. Kxg1 Nd7 40. Nxd7 Rxb4 41. Nf6+ Kg7 42. Nxh5+ Kg6 43. Ng3 1/2-1/2

[Event "CP-2016-P-00008"]
[Site "LSS email"]
[Date "2016.09.27"]
[Round "?"]
[White "Rychkov, Sergej"]
[Black "Sitorus, Yosua"]
[Result "1/2-1/2"]
[WhiteElo "2210"]
[BlackElo "2237"]
[PlyCount "63"]
[EventDate "2016.10.01"]
[EventType "tourn (corr)"]
[EventRounds "6"]
[EventCountry "GER"]
[SourceTitle "Corr 2022"]
[Source "ChessBase"]
[SourceDate "2021.10.24"]
[SourceVersion "1"]
[SourceVersionDate "2021.10.24"]
[SourceQuality "1"]

1. d4 Nf6 2. c4 c5 3. d5 b5 4. cxb5 a6 5. bxa6 g6 6. Nc3 Bg7 7. e4 0-0 8. Be2 Qa5 9. Bd2 Bxa6 10. e5 Ne8 11. Nf3 d6 12. e6 Bxe2 13. Qxe2 Qa6 14. exf7+ Rxf7 15. Ng5 Qxe2+ 16. Kxe2 Rf5 17. g4 Bxc3 18. gxf5 Bxb2 19. fxg6 hxg6 20. Rab1 Rxa2 21. Rhe1 Na6 22. Kd3 Bf6 23. Ne4 Kf7 24. Kc4 Nac7 25. Rb7 Rc2+ 26. Kd3 Ra2 27. Bc3 Bxc3 28. Nxc3 Rxf2 29. Re2 Rxe2 30. Kxe2 Na6 31. Ra7 Nb4 32. Kf3 1/2-1/2

[Event "CP-2015-Q-00016"]
[Site "LSS email"]
[Date "2015.12.02"]
[Round "?"]
[White "Langer, Raimund"]
[Black "Rychkov, Sergej"]
[Result "1-0"]
[WhiteElo "2494"]
[BlackElo "2200"]
[PlyCount "131"]
[EventDate "2015.12.08"]
[EventType "tourn (corr)"]
[EventRounds "6"]
[EventCountry "GER"]
[SourceTitle "Corr 2022"]
[Source "ChessBase"]
[SourceDate "2021.10.24"]
[SourceVersion "1"]
[SourceVersionDate "2021.10.24"]
[SourceQuality "1"]

1. e4 c5 2. Nf3 e6 3. d4 cxd4 4. Nxd4 a6 5. Bd3 Bc5 6. Nb3 Ba7 7. 0-0 Nc6 8. Qe2 d6 9. Be3 Nf6 10. c4 Ne5 11. Nc3 0-0 12. Bxa7 Rxa7 13. Qe3 b6 14. Be2 Qc7 15. Rad1 Neg4 16. Qf4 Rd8 17. Rd2 Ne5 18. Rfd1 h6 19. Qe3 Neg4 20. Qg3 Ne5 21. Nd4 Bb7 22. Nf3 Nxf3+ 23. Qxf3 Raa8 24. Qe3 Bc6 25. b3 Rab8 26. a4 Bb7 27. h4 Kf8 28. Qf4 Ke7 29. b4 Kf8 30. g3 e5 31. Qe3 Kg8 32. Kg2 Rbc8 33. f3 Rb8 34. Bf1 Rbc8 35. Kh2 Rb8 36. Rc2 Qc6 37. Rdd2 Qd7 38. Bh3 Qc6 39. g4 Qe8 40. g5 hxg5 41. Qxg5 Nh7 42. Qg3 Nf6 43. Rg2 Qf8 44. Qg5 Nh7 45. Qe3 Kh8 46. Nd5 Bxd5 47. cxd5 Qe7 48. Kg3 Nf6 49. Qg5 Rb7 50. Kh2 Qf8 51. Bf5 Ng8 52. Qh5+ Nh6 53. Bh3 Ra8 54. Rc6 Rd8 55. Rgc2 Re8 56. Bc8 Ra7 57. Kg1 g6 58. Qg5 Ng8 59. h5 f6 60. Qc1 gxh5 61. Rh2 Rh7 62. Bf5 Rh6 63. Rxb6 Ne7 64. Be6 Ng6 65. Rxa6 Nf4 66. Kh1 1-0

[Event "CP-2015-P-00030"]
[Site "LSS email"]
[Date "2015.09.28"]
[Round "?"]
[White "Gumentchuk, Leksandr"]
[Black "Rychkov, Sergej"]
[Result "0-1"]
[WhiteElo "1526"]
[BlackElo "2202"]
[PlyCount "94"]
[EventDate "2015.10.01"]
[EventType "tourn (corr)"]
[EventRounds "6"]
[EventCountry "GER"]
[SourceTitle "Corr 2022"]
[Source "ChessBase"]
[SourceDate "2021.10.24"]
[SourceVersion "1"]
[SourceVersionDate "2021.10.24"]
[SourceQuality "1"]

1. c4 e5 2. Nc3 Nf6 3. a3 d6 4. e3 Qe7 5. Be2 g6 6. d3 Bg7 7. Nf3 0-0 8. 0-0 e4 9. Ne1 exd3 10. Nxd3 c6 11. Rb1 Nbd7 12. b3 Rd8 13. Bf3 Nf8 14. Bb2 h5 15. Re1 Ne6 16. h3 Ng5 17. Nf4 Bf5 18. e4 Bc8 19. Qd3 Nxf3+ 20. Qxf3 Nd7 21. Qe3 Nc5 22. Na2 Be5 23. Nb4 Bxb2 24. Rxb2 Qg5 25. Nbd3 Nxd3 26. Nxd3 Qxe3 27. Rxe3 d5 28. exd5 cxd5 29. cxd5 Rxd5 30. Re8+ Kg7 31. Nf4 Rd1+ 32. Kh2 b6 33. Rbe2 Rd4 34. g3 Kf6 35. R2e7 Bb7 36. Rxa8 Bxa8 37. Rxa7 Bf3 38. Ra4 Rxa4 39. bxa4 Ke5 40. Ng2 Bxg2 41. Kxg2 Ke4 42. h4 f6 43. f3+ Ke3 44. f4 f5 45. Kh2 Kf2 46. a5 bxa5 47. a4 Ke3 0-1

[Event "CP-2015-P-00030"]
[Site "LSS email"]
[Date "2015.09.28"]
[Round "?"]
[White "Rychkov, Sergej"]
[Black "Bakulin, Yury"]
[Result "1/2-1/2"]
[WhiteElo "2202"]
[BlackElo "2106"]
[PlyCount "48"]
[EventDate "2015.10.01"]
[EventType "tourn (corr)"]
[EventRounds "6"]
[EventCountry "GER"]
[SourceTitle "Corr 2022"]
[Source "ChessBase"]
[SourceDate "2021.10.24"]
[SourceVersion "1"]
[SourceVersionDate "2021.10.24"]
[SourceQuality "1"]

1. d4 d5 2. c4 c6 3. Nf3 Nf6 4. Nc3 e6 5. Bg5 h6 6. Bxf6 Qxf6 7. e3 Nd7 8. Bd3 dxc4 9. Bxc4 g6 10. 0-0 Bg7 11. h3 0-0 12. e4 b5 13. Bd3 Qe7 14. e5 c5 15. Re1 cxd4 16. Nxb5 Bb7 17. Be4 Bxe4 18. Rxe4 Rfb8 19. a4 a6 20. Nbxd4 Rxb2 21. Rc1 Qb4 22. Rg4 Nxe5 23. Nxe5 Bxe5 24. Nxe6 Qd2 1/2-1/2

[Event "CP-2015-P-00030"]
[Site "LSS email"]
[Date "2015.09.28"]
[Round "?"]
[White "Rychkov, Sergej"]
[Black "Pech, Jaroslav Sr"]
[Result "1-0"]
[WhiteElo "2202"]
[BlackElo "1545"]
[PlyCount "77"]
[EventDate "2015.10.01"]
[EventType "tourn (corr)"]
[EventRounds "6"]
[EventCountry "GER"]
[SourceTitle "Corr 2022"]
[Source "ChessBase"]
[SourceDate "2021.10.24"]
[SourceVersion "1"]
[SourceVersionDate "2021.10.24"]
[SourceQuality "1"]

1. d4 d5 2. c4 c6 3. Nf3 Nf6 4. Nc3 dxc4 5. a4 Bf5 6. e3 e6 7. Bxc4 Bb4 8. 0-0 0-0 9. Qe2 Nbd7 10. e4 Bg6 11. Bd3 Bh5 12. e5 Nd5 13. Nxd5 cxd5 14. Qe3 Be7 15. Ng5 Bxg5 16. Qxg5 Bg6 17. Be2 Qb6 18. Qe3 Rfc8 19. a5 Qb4 20. Ra2 Rc2 21. Rd1 Rac8 22. Bd2 Qe7 23. Rda1 R2c7 24. a6 b6 25. Ra3 h6 26. Rc3 Rxc3 27. Bxc3 Nb8 28. Bd2 Qg5 29. Qxg5 hxg5 30. Bb5 f6 31. Rc1 Rxc1+ 32. Bxc1 Kf8 33. f4 g4 34. exf6 gxf6 35. Bd2 Be8 36. Be2 f5 37. Bb4+ Kf7 38. Kf2 Nc6 39. Bc3 1-0

[Event "CP-2014-Q-00014"]
[Site "LSS email"]
[Date "2014.12.02"]
[Round "?"]
[White "Rychkov, Sergej"]
[Black "Morozov, Dmitry"]
[Result "1/2-1/2"]
[WhiteElo "2203"]
[BlackElo "2474"]
[PlyCount "42"]
[EventDate "2014.12.08"]
[EventType "tourn (corr)"]
[EventRounds "6"]
[EventCountry "GER"]
[SourceTitle "Corr 2022"]
[Source "ChessBase"]
[SourceDate "2021.10.24"]
[SourceVersion "1"]
[SourceVersionDate "2021.10.24"]
[SourceQuality "1"]

1. d4 Nf6 2. c4 g6 3. Nc3 d5 4. Nf3 Bg7 5. h4 dxc4 6. e4 0-0 7. Bxc4 c5 8. d5 b5 9. Bxb5 Nxe4 10. Nxe4 Qa5+ 11. Nc3 Bxc3+ 12. bxc3 Qxb5 13. h5 Qc4 14. hxg6 fxg6 15. Rh4 Qxc3+ 16. Bd2 Qb2 17. Rc1 Nd7 18. Bc3 Qb7 19. Kf1 Nf6 20. Bxf6 exf6 21. Rxc5 Bd7 1/2-1/2

[Event "WC-2014-S-00004"]
[Site "LSS email"]
[Date "2014.10.12"]
[Round "?"]
[White "Ortiz, Manuel"]
[Black "Rychkov, Sergej"]
[Result "1-0"]
[WhiteElo "2174"]
[BlackElo "2195"]
[PlyCount "97"]
[EventDate "2014.10.15"]
[EventType "tourn (corr)"]
[EventRounds "12"]
[EventCountry "GER"]
[SourceTitle "Corr 2024"]
[Source "ChessBase"]
[SourceDate "2023.10.19"]
[SourceVersion "1"]
[SourceVersionDate "2023.10.19"]
[SourceQuality "1"]

1. e4 c5 2. Nf3 e6 3. d4 cxd4 4. Nxd4 a6 5. Bd3 Nf6 6. 0-0 Qc7 7. Qe2 d6 8. c4 Be7 9. Nc3 b6 10. f4 Bb7 11. e5 dxe5 12. fxe5 Nfd7 13. Nd5 Qxe5 14. Qxe5 Nxe5 15. Nc7+ Kd7 16. Nxa8 Bc5 17. Be3 Bxa8 18. Be2 Rd8 19. Rfd1 Ke8 20. Bf2 Nbd7 21. b3 Ke7 22. a3 a5 23. Ra2 Rc8 24. Bh4+ f6 25. Kf1 Bd6 26. Be1 Nc5 27. Kg1 Ne4 28. b4 Kf7 29. Rc2 Be7 30. Nf3 Ng4 31. Rd7 Ne3 32. Rc1 axb4 33. Bxb4 Nc5 34. Ra7 Be4 35. Nd2 Bg6 36. Bxc5 Rxc5 37. Nb3 Rc8 38. Kf2 Nf5 39. c5 bxc5 40. Rxc5 Re8 41. Rc6 Kf8 42. a4 e5 43. a5 Bf7 44. Nc5 e4 45. Rcc7 e3+ 46. Kf1 Ba2 47. Bb5 Rd8 48. Bd3 Bxc5 49. Rxc5 1-0

[Event "WC-2014-S-00004"]
[Site "LSS email"]
[Date "2014.10.12"]
[Round "?"]
[White "Rychkov, Sergej"]
[Black "Koehler, Josef"]
[Result "1/2-1/2"]
[WhiteElo "2195"]
[BlackElo "2170"]
[PlyCount "93"]
[EventDate "2014.10.15"]
[EventType "tourn (corr)"]
[EventRounds "12"]
[EventCountry "GER"]
[SourceTitle "Corr 2024"]
[Source "ChessBase"]
[SourceDate "2023.10.19"]
[SourceVersion "1"]
[SourceVersionDate "2023.10.19"]
[SourceQuality "1"]

1. d4 Nf6 2. c4 e6 3. Nf3 d5 4. g3 dxc4 5. Bg2 a6 6. 0-0 Nc6 7. e3 Bd7 8. Qe2 b5 9. b3 cxb3 10. axb3 Be7 11. Nc3 b4 12. Na4 Nb8 13. Rd1 Bb5 14. Qc2 Nbd7 15. Ne5 c6 16. Bb2 0-0 17. Nxc6 Rc8 18. Nxe7+ Qxe7 19. Qd2 Rfd8 20. Rdc1 h6 21. h3 Qd6 22. e4 e5 23. d5 a5 24. Qe3 Rf8 25. Bf3 Rfe8 26. Kg2 Red8 27. Re1 Re8 28. Be2 Bxa4 29. Rxa4 Rc2 30. Ba1 Nc5 31. Bd1 Nxa4 32. Bxc2 Rc8 33. Bd3 Nc3 34. f3 Kh7 35. Rc1 Nh5 36. Qf2 f5 37. Qe1 f4 38. g4 Ng3 39. h4 Qf6 40. Kh3 Qb6 41. Bb2 Qd4 42. Rd1 Kg6 43. Qd2 Kf6 44. Kg2 Ke7 45. h5 Rc5 46. Re1 Kd6 47. Qc2 1/2-1/2

[Event "WC-2014-S-00004"]
[Site "LSS email"]
[Date "2014.10.12"]
[Round "?"]
[White "Rychkov, Sergej"]
[Black "Kopasov, Evgeny"]
[Result "1/2-1/2"]
[WhiteElo "2195"]
[BlackElo "2205"]
[PlyCount "34"]
[EventDate "2014.10.15"]
[EventType "tourn (corr)"]
[EventRounds "12"]
[EventCountry "GER"]
[SourceTitle "Corr 2024"]
[Source "ChessBase"]
[SourceDate "2023.10.19"]
[SourceVersion "1"]
[SourceVersionDate "2023.10.19"]
[SourceQuality "1"]

1. d4 d5 2. c4 c6 3. Nf3 Nf6 4. e3 Bg4 5. Nc3 e6 6. h3 Bh5 7. g4 Bg6 8. Ne5 Nbd7 9. Nxg6 hxg6 10. a3 g5 11. Qf3 Bd6 12. Bd2 Qe7 13. 0-0-0 0-0-0 14. Kb1 Kb8 15. Qg2 Bc7 16. cxd5 Nxd5 17. Nxd5 exd5 1/2-1/2

[Event "WC-2014-S-00004"]
[Site "LSS email"]
[Date "2014.10.12"]
[Round "?"]
[White "Rychkov, Sergej"]
[Black "Lubas, Jozef"]
[Result "1/2-1/2"]
[WhiteElo "2195"]
[BlackElo "2181"]
[PlyCount "50"]
[EventDate "2014.10.15"]
[EventType "tourn (corr)"]
[EventRounds "12"]
[EventCountry "GER"]
[SourceTitle "Corr 2024"]
[Source "ChessBase"]
[SourceDate "2023.10.19"]
[SourceVersion "1"]
[SourceVersionDate "2023.10.19"]
[SourceQuality "1"]

1. d4 Nf6 2. c4 e6 3. Nf3 d5 4. Nc3 Be7 5. Bf4 0-0 6. e3 c5 7. dxc5 Bxc5 8. a3 Nc6 9. Qc2 Re8 10. 0-0-0 e5 11. Bg5 d4 12. exd4 Nxd4 13. Nxd4 Bxd4 14. Nb5 Bd7 15. Nxd4 exd4 16. Rxd4 Re1+ 17. Rd1 Bf5 18. Qb3 Rxd1+ 19. Qxd1 Qe8 20. Bd3 Rd8 21. Bxf5 Rxd1+ 22. Rxd1 b6 23. h3 h6 24. Be3 Kf8 25. g4 Qc6 1/2-1/2

[Event "WC-2014-S-00004"]
[Site "LSS email"]
[Date "2014.10.12"]
[Round "?"]
[White "Rychkov, Sergej"]
[Black "Orlov, Vladimir"]
[Result "0-1"]
[WhiteElo "2195"]
[BlackElo "2185"]
[PlyCount "146"]
[EventDate "2014.10.15"]
[EventType "tourn (corr)"]
[EventRounds "12"]
[EventCountry "GER"]
[SourceTitle "Corr 2024"]
[Source "ChessBase"]
[SourceDate "2023.10.19"]
[SourceVersion "1"]
[SourceVersionDate "2023.10.19"]
[SourceQuality "1"]

1. d4 Nf6 2. c4 e6 3. Nf3 b6 4. a3 Bb7 5. Nc3 d5 6. cxd5 Nxd5 7. Qc2 Nxc3 8. bxc3 Nd7 9. e4 c5 10. Bf4 Be7 11. Bd3 Qc8 12. Qa4 0-0 13. 0-0 a6 14. Qd1 b5 15. Qb1 Nb6 16. Rc1 f5 17. Ne5 c4 18. Bc2 Na4 19. Bd2 Bd6 20. Nf3 Qd7 21. h3 Bc7 22. Re1 Rae8 23. Ra2 Ba8 24. Qc1 Qf7 25. Qd1 h6 26. exf5 exf5 27. Bxa4 Rxe1+ 28. Bxe1 bxa4 29. Ne5 Qd5 30. f4 Rb8 31. Qc2 Qe4 32. Qxe4 Bxe4 33. g3 g5 34. Kf2 gxf4 35. gxf4 Rb3 36. Bd2 Ba5 37. Nxc4 Bxc3 38. Bxc3 Rxc3 39. Ne3 Kf7 40. d5 Ke7 41. Ke2 h5 42. h4 Rb3 43. Kd2 Bb1 44. Ra1 Kd6 45. Nd1 Kc5 46. Nc3 Be4 47. Re1 Kd4 48. d6 Bc6 49. Ne2+ Kd5 50. Nc3+ Kxd6 51. Re5 Bd7 52. Rd5+ Kc6 53. Ra5 Rxa3 54. Rxa6+ Kc5 55. Ra7 Bc6 56. Ra6 Bf3 57. Rf6 Kb4 58. Rb6+ Kc4 59. Rb8 Rb3 60. Rc8+ Kb4 61. Rb8+ Ka5 62. Rf8 a3 63. Kc2 Rb2+ 64. Kd3 a2 65. Rxf5+ Kb6 66. Rf6+ Bc6 67. Nxa2 Rxa2 68. Kd4 Ra5 69. Rg6 Rd5+ 70. Ke3 Kc5 71. Re6 Bd7 72. Rh6 Bg4 73. Rf6 Rd6 0-1

[Event "CP-2014-P-00013"]
[Site "LSS email"]
[Date "2014.09.30"]
[Round "?"]
[White "Rychkov, Sergej"]
[Black "Husemann, Andreas"]
[Result "1/2-1/2"]
[WhiteElo "2203"]
[BlackElo "2225"]
[PlyCount "61"]
[EventDate "2014.10.01"]
[EventType "tourn (corr)"]
[EventRounds "6"]
[EventCountry "GER"]
[SourceTitle "Corr 2022"]
[Source "ChessBase"]
[SourceDate "2021.10.24"]
[SourceVersion "1"]
[SourceVersionDate "2021.10.24"]
[SourceQuality "1"]

1. d4 Nf6 2. c4 g6 3. Nc3 d5 4. Nf3 Bg7 5. Qb3 dxc4 6. Qxc4 0-0 7. e4 a6 8. e5 b5 9. Qb3 Nfd7 10. Be2 c5 11. e6 fxe6 12. Qxe6+ Kh8 13. dxc5 Ne5 14. Qd5 Qxd5 15. Nxd5 Nxf3+ 16. Bxf3 Bb7 17. Nc7 Bxf3 18. gxf3 Ra7 19. Ne6 Rxf3 20. Nxg7 Kxg7 21. Be3 Nc6 22. 0-0 Kf7 23. Rad1 Rf5 24. Kg2 a5 25. Rd3 a4 26. Rfd1 Nb4 27. R3d2 Rc7 28. a3 Nc6 29. Rd7 Rxd7 30. Rxd7 Na5 31. Rd8 1/2-1/2

[Event "CP-2012-Q-00012"]
[Site "LSS email"]
[Date "2013.12.17"]
[Round "?"]
[White "Mokeev, Valery"]
[Black "Rychkov, Sergej"]
[Result "0-1"]
[WhiteElo "1766"]
[BlackElo "2117"]
[PlyCount "62"]
[EventDate "2013.12.22"]
[EventType "tourn (corr)"]
[EventRounds "6"]
[EventCountry "GER"]
[SourceTitle "Corr 2015"]
[Source "ChessBase"]
[SourceDate "2015.07.17"]
[SourceVersion "1"]
[SourceVersionDate "2015.07.17"]
[SourceQuality "1"]

1. e4 c5 2. Nf3 e6 3. d4 cxd4 4. Nxd4 a6 5. Nc3 Qc7 6. Bd3 Nf6 7. 0-0 Bd6 8. Kh1 Nc6 9. Nxc6 dxc6 10. f4 e5 11. f5 b5 12. Qf3 Bb7 13. a4 h6 14. Qg3 b4 15. Nd1 c5 16. Ne3 Nxe4 17. Bxe4 Bxe4 18. Rd1 Qc6 19. Bd2 h5 20. c3 h4 21. Qh3 a5 22. c4 Be7 23. Nd5 Bf6 24. Qe3 Bxf5 25. Qf3 Bd7 26. Nc7+ Qxc7 27. Qxa8+ Bc8 28. h3 0-0 29. Qe4 Be7 30. Be3 f5 31. Qd5+ Rf7 0-1